| 000 | 00449nam a22001697a 4500 | ||
|---|---|---|---|
| 020 | _a81-207-1937-9 | ||
| 082 |
_a320 _bBHA/W |
||
| 100 | _aBHAGWAN, VISHNOO | ||
| 100 | _aBHUSHAN, VIDYA | ||
| 245 |
_aWORLD CONSTITUTIONS _bSOCIAL SCIENCE |
||
| 246 |
_aWORLD CONSTITUTIONS _bSOCIAL SCIENCE |
||
| 260 |
_aNEW DELHI _bSTERLING PUBLISHERS PROVATE LIMITED _c1984 |
||
| 300 | _a729 | ||
| 520 | _aSOCIAL SCIENCE | ||
| 650 | _aSOCIAL SCIENCE | ||
| 942 | _cBK | ||
| 999 |
_c1593 _d1593 |
||